Elements of Applied Mechanics (Record no. 6688)
[ view plain ]
| 000 -LEADER | |
|---|---|
| fixed length control field | 00407nam a2200157Ia 4500 |
| 008 - FIXED-LENGTH DATA ELEMENTS--GENERAL INFORMATION | |
| fixed length control field | 221030s9999 xx 000 0 und d |
| 041 ## - LANGUAGE CODE | |
| Language code of text/sound track or separate title | |
| 082 ## - DEWEY DECIMAL CLASSIFICATION NUMBER | |
| Classification number | 105.23 |
| Item number | Jun |
| 100 ## - MAIN ENTRY--AUTHOR NAME | |
| Personal name | S. B. Junmarkar |
| 245 #0 - TITLE STATEMENT | |
| Title | Elements of Applied Mechanics |
| Statement of responsibility, etc | by S. B. Junmarkar, H. J. Shah |
| 260 ## - PUBLICATION, DISTRIBUTION, ETC. (IMPRINT) | |
| Name of publisher | Charotar Pub |
| Place of publication | New Delhi |
| Year of publication | 2000 |
| 300 ## - PHYSICAL DESCRIPTION | |
| Number of Pages | 864 |
| 650 ## - SUBJECT ADDED ENTRY--TOPICAL TERM | |
| Topical Term | Mechanical |
| 700 ## - ADDED ENTRY--PERSONAL NAME | |
| Personal name | H. J. Shah |
| 942 ## - ADDED ENTRY ELEMENTS (KOHA) | |
| Koha item type | Books |
| Accession Number | Cost, normal purchase price | Full call number | Price effective from | Koha item type | Withdrawn / writtenoff status | Materials specified (bound volume or other part) | Damaged status | Not for loan | Permanent Location | Current Location | Shelving location | Date acquired | Lost/ Missing status | department |
|---|---|---|---|---|---|---|---|---|---|---|---|---|---|---|
| BE 2048 | 155.00 | 105.23 Jun | 10/30/2022 | Books | Not For Loan | MIET Library, Jammu | MIET Library, Jammu | BL-Second, FL-1, CUP-1, SH-3, R-3 | 01/04/2000 | BE | ||||
| BE 2049 | 155.00 | 105.23 Jun | 10/30/2022 | Books | MIET Library, Jammu | MIET Library, Jammu | BL-Academic Bliock- A, FL-1, CUP-5, SH-3, R-3 | 10/04/2000 | BE | |||||
| BE 2050 | 155.00 | 105.23 Jun | 10/30/2022 | Books | Not For Loan | MIET Library, Jammu | MIET Library, Jammu | BL-Second, FL-1, CUP-1, SH-2, R-2 | 10/04/2000 | BE | ||||
| BE 2051 | 155.00 | 105.23 Jun | 10/30/2022 | Books | MIET Library, Jammu | MIET Library, Jammu | BL-Academic Bliock- A, FL-1, CUP-5, SH-3, R-3 | 10/04/2000 | BE | |||||
| BE 2052 | 155.00 | 105.23 Jun | 10/30/2022 | Books | MIET Library, Jammu | MIET Library, Jammu | BL-Academic Block- A, FL-1, CUP-5, SH-5, R-5 | 10/04/2000 | BE | |||||
| BE 2053 | 155.00 | 105.23 Jun | 10/30/2022 | Books | MIET Library, Jammu | MIET Library, Jammu | BL-Academic Bliock- A, FL-1, CUP-5, SH-3, R-3 | 10/04/2000 | BE |